Diseases: Curable... or Not? - Statistics

General Stats
  • This quiz has been taken 129 times
  • The average score is 20 of 25
Answer Stats
Question Answer % Correct
Alzheimer's Incurable
98%
Ringworm Curable
97%
Parkinson's Incurable
97%
Scabies Curable
92%
Chlamydia Curable
92%
Malaria Curable
91%
Diphtheria Curable
90%
ALS (Lou Gehrig's) Incurable
90%
Multiple sclerosis Incurable
89%
Crohn's Incurable
89%
Syphilis Curable
88%
Tuberculosis Curable
87%
Type 1 diabetes Incurable
87%
Muscular dystrophy Incurable
84%
Giardiasis Curable
80%
Huntington's Incurable
80%
Leprosy Curable
77%
HIV Incurable
77%
Emphysema / COPD Incurable
69%
Lupus Incurable
68%
Lyme Disease Curable
65%
Rabies encephalitis Incurable
64%
Yaws Curable
62%
Herpes Incurable
54%
Hepatitis C Curable
53%
No matching quizzes found
Score Distribution
Percent of People with Each Score
Percentile by Number Answered
Your Score History
You have not taken this quiz